<?xml version="1.0" encoding="UTF-8"?><?xml-stylesheet type="text/xsl" href="static/style.xsl"?><OAI-PMH xmlns="http://www.openarchives.org/OAI/2.0/" xmlns:xsi="http://www.w3.org/2001/XMLSchema-instance" xsi:schemaLocation="http://www.openarchives.org/OAI/2.0/ http://www.openarchives.org/OAI/2.0/OAI-PMH.xsd"><responseDate>2026-06-01T02:05:57Z</responseDate><request verb="GetRecord" identifier="oai:riuma.uma.es:10630/39377" metadataPrefix="marc">https://riuma.uma.es/rest/oai/request</request><GetRecord><record><header><identifier>oai:riuma.uma.es:10630/39377</identifier><datestamp>2026-02-03T11:10:18Z</datestamp><setSpec>com_10630_2254</setSpec><setSpec>col_10630_37953</setSpec></header><metadata><record xmlns="http://www.loc.gov/MARC21/slim" xmlns:dcterms="http://purl.org/dc/terms/" xmlns:doc="http://www.lyncode.com/xoai" xmlns:xsi="http://www.w3.org/2001/XMLSchema-instance" xsi:schemaLocation="http://www.loc.gov/MARC21/slim http://www.loc.gov/standards/marcxml/schema/MARC21slim.xsd">
   <leader>00925njm 22002777a 4500</leader>
   <datafield ind2=" " ind1=" " tag="042">
      <subfield code="a">dc</subfield>
   </datafield>
   <datafield ind2=" " ind1=" " tag="720">
      <subfield code="a">López-Agudo, Luis Alejandro</subfield>
      <subfield code="e">author</subfield>
   </datafield>
   <datafield ind2=" " ind1=" " tag="720">
      <subfield code="a">Marcenaro-Gutiérrez, Óscar David</subfield>
      <subfield code="e">author</subfield>
   </datafield>
   <datafield ind2=" " ind1=" " tag="260">
      <subfield code="c">2017-08-10</subfield>
   </datafield>
   <datafield ind2=" " ind1=" " tag="520">
      <subfield code="a">The training of eﬀective teachers has been one of the main aims ofeducational systems, in so far as it could be an important tool toimprove the education performance of children and, consequently,contribute to their career progression and foster social mobilitytowards a more meritocratic society. The present study intends toidentify these teachers by their ability to engage young students inlessons, which may reﬂect the capacity of their teaching practicesand eﬃcient use of available resources to increase students’ learning.We focus on 4th-grade reading and mathematics teachers in Spain –using TIMSS and PIRLS 2011 data – and we propose a 2-step proce-dure for this analysis: the 1st step obtains teachers’ eﬃciency scores,which are later employed in a 2nd step – together with teachers’practices – to explain children’s engagement in lessons.</subfield>
   </datafield>
   <datafield ind1="8" ind2=" " tag="024">
      <subfield code="a">López-Agudo, L. A., Marcenaro-Gutiérrez, O. D. (2017). “Engaging children in lessons: the role of efficient and effective teachers”. School Effectiveness and School Improvement: An International Journal of Research, Policy and Practice, 28(4), 650-669.</subfield>
   </datafield>
   <datafield ind1="8" ind2=" " tag="024">
      <subfield code="a">https://hdl.handle.net/10630/39377</subfield>
   </datafield>
   <datafield ind1="8" ind2=" " tag="024">
      <subfield code="a">10.1080/09243453.2017.1364272</subfield>
   </datafield>
   <datafield tag="653" ind2=" " ind1=" ">
      <subfield code="a">Profesores - Formación profesional</subfield>
   </datafield>
   <datafield tag="653" ind2=" " ind1=" ">
      <subfield code="a">Rendimiento académico - Modelos matemáticos</subfield>
   </datafield>
   <datafield tag="653" ind2=" " ind1=" ">
      <subfield code="a">Movilidad social</subfield>
   </datafield>
   <datafield tag="653" ind2=" " ind1=" ">
      <subfield code="a">Eficacia en la enseñanza</subfield>
   </datafield>
   <datafield ind2="0" ind1="0" tag="245">
      <subfield code="a">Engaging children in lessons: the role of eﬃcient andeﬀective teachers</subfield>
   </datafield>
</record>
</metadata></record></GetRecord></OAI-PMH>